| 000 | 02072cam a22004814i 4500 | ||
|---|---|---|---|
| 003 | PE-LiUPU | ||
| 005 | 20250731184539.0 | ||
| 008 | 150623s r 000 0 d | ||
| 020 | _a9062580858 | ||
| 035 | _a(Sirsi) i9789062580859 | ||
| 040 |
_aPE-LiUPU _bspa _cPE-LiUPU _erda |
||
| 049 | _aPRUA | ||
| 082 | 0 | 4 |
_a935 _bT83 _221 |
| 100 |
_aDercksen, Jan Gerrit, _eautor. _96247 |
||
| 245 | 0 | 0 |
_aTrade and finance in ancient Mesopotamia : _bproceedings of the first mos symposium (Leiden 1997) / _cpor J.G. Dercksen. |
| 264 | 1 |
_aThe Istambul : _bNedelands Historisch-Archaeologisch Institut, _c1999. |
|
| 300 |
_a204 páginas : _bilustraciones, fotos, gráficos ; _c28 centímetros |
||
| 336 |
_atext _2rdacontent |
||
| 337 |
_aunmediated _2rdamedia |
||
| 338 |
_avolume _2rdacarrier |
||
| 490 | 0 |
_aMos Studies ; _v1 |
|
| 504 | _aIncluye bibliografía. | ||
| 505 | 0 | _aWir mussen unsere Nische nutzen: Monies, Motives, and methods in Babylonian economics. -Ur-Dumuzida and Ur-DUN. Reflections on the relationship between state-initiated foreign trade and private economic activity in Mesopotamia towwards the end of the third millennium BC. -Silver and credit in old Assyrian trade. -On the financing of Old Assyrian merchants. -Trades in the Neo-Assyrian period. -Money in the neo-Assyrian empire. Money in the neo-Babylonian institutions. -Structures et operations commerciales en Babylonie a I'epoque neo-babylonienne. | |
| 526 | _aP136 | ||
| 526 | _aP135 | ||
| 526 | _aP134 | ||
| 526 | _aP133 | ||
| 526 | _aP144 | ||
| 526 | _aP143 | ||
| 526 | _aP87 | ||
| 526 | _aP35 | ||
| 526 | _aP20 | ||
| 526 | _aP14 | ||
| 526 | _aP10 | ||
| 526 | _aP06 | ||
| 650 | 0 | 4 |
_aFinanzas _zMesopotamia _yÉpoca antigua. |
| 710 |
_aMiddle Eastern Studies Programme _eeditor. _96248 |
||
| 710 |
_aMOS Symposium, _eeditor. _96249 |
||
| 942 |
_2ddc _cBOOK |
||
| 949 |
_a935 T83 _wDEWEY _c1 _i49509 _lCCODEBUL1 _mBUL _r0 _sY _tBOOK _u2015-6-24 _xTEOLOGIA _0COMPRA _o.STAFF. Colección General |
||
| 980 |
_81 _gALBERTO SANCHEZ Responsable de Automatización |
||
| 999 |
_c30405 _d30405 |
||